Virgilio Piñera en persona

Saved in:
書目詳細資料
主要作者: Piñera, Virgilio
其他作者: Espinosa Domínguez, Carlos
格式: 圖書
語言:英语
出版: Cuba Ediciones Unión 2003
標簽: 添加標簽
沒有標簽, 成為第一個標記此記錄!

MARC

LEADER 00000nam a2200000 4500
005 20231216191545.0
008 231216b |||||||| |||| 00| 0 eng d
020 |a 9592095167 
020 |a 9789592095168 
040 |c C 
100 |a Piñera, Virgilio  
245 |a Virgilio Piñera en persona 
260 |a Cuba  |b Ediciones Unión  |c 2003 
700 |a Espinosa Domínguez, Carlos 
942 |2 ddc  |c BK  |n 0 
952 |0 0  |1 0  |2 ddc  |4 0  |6 860_600000000000000_ESP_VIR  |7 1  |9 465  |a GE  |b GE  |d 2023-12-15  |l 0  |o 860.6 ESP VIR  |p 4831  |r 2023-12-16 19:13:56  |w 2023-12-16  |y BK 
999 |c 374  |d 374